| 000 | 00530nam a22001817a 4500 | ||
|---|---|---|---|
| 005 | 20140731101438.0 | ||
| 008 | 980519s1999 cau 000 0 eng | ||
| 020 | _a1559349646 | ||
| 024 | 0 | _ceng | |
| 080 | _a101 | ||
| 245 | 0 | 0 |
_aPhilosophy and choice : _c[edited by] Kit R. Christensen. |
| 250 | _a1 st.ed.; | ||
| 260 |
_aMountain View, Calif. : _bMayfield Pub., _c1999. |
||
| 300 |
_a621 f. ; _c23 cm. |
||
| 650 | 0 | _aFilozofia | |
| 700 | 1 | _aChristensen, Kit Richard. | |
| 942 |
_2udc _cBK |
||
| 999 |
_c506 _d506 |
||